Movies Quiz

Random Movies or Clickable Quiz

Enemies List: Tom Cruise Quiz Stats

 Plays Quiz not verified by Sporcle

Challenge
Share
Tweet
Embed
Score 0/23 Timer 07:00
0 Plays Today
% Correct
Jack Nicholson
96.6%
Val Kilmer
92.8%
Brad Pitt
91.9%
Jamie Foxx
90.6%
Jon Voight
78.1%
Philip Seymour Hoffman
78.1%
Colin Farrell
70.6%
Jay Mohr
65.6%
Meryl Streep
54.4%
Craig T. Nelson
52.8%
Dougray Scott
47.5%
Wilford Brimley
45.3%
% Correct
Tim Curry
45%
Joe Pantoliano
41.6%
Cary Elwes
38.4%
Melissa Leo
36.7%
Sean Harris
35.6%
Michael Nyqvist
35%
Peter Sarsgaard
32.5%
Werner Herzog
28.4%
Thomas Gibson
22.5%
Tony Goldwyn
22.2%
David Bamber
15.3%

You're not logged in!

Compare scores with friends on all Sporcle quizzes.
Join for Free
OR
Log In

You Might Also Like...

Show Comments

Extras

Top Quizzes Today


Score Distribution

Your Account Isn't Verified!

In order to create a playlist on Sporcle, you need to verify the email address you used during registration. Go to your Sporcle Settings to finish the process.

Report this User

Report this user for behavior that violates our Community Guidelines.

Details: